Street-smart advertising: (Record no. 35649)

MARC details
000 -LEADER
fixed length control field 00703nam a22001937a 4500
005 - DATE AND TIME OF LATEST TRANSACTION
control field 2010050401001.0
008 - FIXED-LENGTH DATA ELEMENTS--GENERAL INFORMATION
fixed length control field 100309t xxu||||| |||| 00| 0 eng d
020 ## - INTERNATIONAL STANDARD BOOK NUMBER
International Standard Book Number 9780230638996
Terms of availability 345.00
037 ## - SOURCE OF ACQUISITION
Source of stock number/acquisition PUB
040 ## - CATALOGING SOURCE
Original cataloging agency dpl
Language of cataloging English
100 ## - MAIN ENTRY--PERSONAL NAME
Personal name Berman, Margo
245 ## - TITLE STATEMENT
Title Street-smart advertising:
Statement of responsibility, etc by Margo Berman
Remainder of title how to win the battle of the buzz /
260 ## - PUBLICATION, DISTRIBUTION, ETC. (IMPRINT)
Place of publication, distribution, etc New Delhi
Name of publisher, distributor, etc Macmillan
Date of publication, distribution, etc 2009(repr.).
270 ## - ADDRESS
Address 2/10, Ansari Road, Daryaganj
City New Delhi
Postal code 110002
300 ## - PHYSICAL DESCRIPTION
Extent xii, 235p.
Dimensions 25cm(pbk)
500 ## - GENERAL NOTE
General note Includes glossary, bibliographical references and index
942 ## - ADDED ENTRY ELEMENTS (KOHA)
Source of classification or shelving scheme Dewey Decimal Classification
Item type English Books
Call number suffix BER
Holdings
Withdrawn status Lost status Source of classification or shelving scheme Damaged status Not for loan Home library Current library Date acquired Cost, normal purchase price Total Checkouts Full call number Date last seen Cost, replacement price Koha item type
    Dewey Decimal Classification   Ordered Andrews Gunj Andrews Gunj 04/05/2010 345.00   BER 04/05/2010 345.00 English Books

© Delhi Public Library
Hit Counter
free hit counter